00278nam a22000977a 4500008004100000082001600041100002000057245004500077260004900122300000900171230619b xxu||||| |||| 00| 0 eng d a266.75bKIE cElliott Kendall aCharles New and the East African Mission aNairobi,KenyabKenya Literature Bureauc1978 a194p